• 首页
  • 本馆介绍
  • 公告通知
  • 最新文献
  • 馆藏检索
  • 电子资源
  • 读者导购
  • 参考咨询
  • 我的图书馆
  • 登录
  • 详细信息显示
  • 放入我的书架
  • 预约/预借图书
  • 作者相关作品
  • 分类相关作品
  • 丛书相关作品
  • 出版社相关作品

书目信息

  • 表格格式
  • 工作单格式
  • 卡片格式
题名:
中国民族音乐欣赏
    
 
作者: 黎孟德 著
分册:  
出版信息: 成都   四川文艺出版社  2013.08
页数: 232页
开本: 23cm
丛书名: 青少年艺术欣赏讲堂
单 册:
中图分类: J632.07
科图分类:
主题词: 民族器乐--介绍--中国 , 民族器乐
电子资源:
ISBN: 978-7-5411-3718-1
000 00893oam2 2200277 450
001 0120131140612
005 20140610112223.78
010    @a978-7-5411-3718-1@dCNY28.00
100    @a20131021d2013 demy0chiy0110 ea
101 0  @achi
102    @aCN@b510000
105    @aa z 000yy
106    @ar
200 1  @a中国民族音乐欣赏@9zhong guo min zu yin yue xin shang@f黎孟德著
210    @a成都@c四川文艺出版社@d2013.08
215    @a232页@c图@d23cm
225 2  @a青少年艺术欣赏讲堂
330    @a本书主要内容包括:国乐概说;泠泠七弦 悠悠古韵——古琴;渔舟唱晚 流水高山——筝;形似柳叶 声如筝琶——柳琴;或在剧院 或在歌场——月琴等。
333    @a青少年
461  0 @12001 @a青少年艺术欣赏讲堂
606 0  @a民族器乐@x介绍@y中国
606 0  @a民族器乐
690    @aJ632.07@v5
701  0 @a黎孟德@9li meng de@4著
801  0 @aCN@b人天书店@c20131021
905    @b846589-91@dJ632.07@e75@f3
    
    中国民族音乐欣赏/黎孟德著.-成都:四川文艺出版社,2013.08
    232页:图;23cm.-(青少年艺术欣赏讲堂)
    使用对象:青少年
    
    ISBN 978-7-5411-3718-1:CNY28.00
    本书主要内容包括:国乐概说;泠泠七弦 悠悠古韵——古琴;渔舟唱晚 流水高山——筝;形似柳叶 声如筝琶——柳琴;或在剧院 或在歌场——月琴等。
●
相关链接 在E读中查询图书 在五车中查询图书 在当当中查询图书 在豆瓣中查询图书


正题名:中国民族音乐欣赏     索取号:J632.07/75         预约/预借

序号 登录号 条形码 馆藏地/架位号 状态 备注
1 846589   208465891   第一样本阅览室/ [索取号:J632.07/75] 在馆    
2 846590   208465908   第一借阅区/ [索取号:J632.07/75] 在馆    
3 846591   208465917   密集书库-音乐系/ [索取号:J632.07/75] 在馆    
唐山师范学院图书馆 欢迎您!
大连网信软件有限公司© 版权所有